Statistics for Double-A Baseball Locations With a Map

Click here to take the quiz!

General Stats

  • This quiz has been taken 15 times
  • The average score is 21 of 30

Answers on the Map

Answers color-coded by a green-red scale on the quiz's map according to % correct below.
 

Answer Stats

Major League AffiliateLocationTeam Name% Correct
Seattle MarinersArkansasTravelers
92%
Atlanta BravesMississippiBraves
92%
Minnesota TwinsWichitaWind Surge
92%
Cleveland GuardiansAkronRubberDucks
85%
Chicago White SoxBirminghamBarons
85%
Detroit TigersErieSeaWolves
85%
Washington NationalsHarrisburgSenators
85%
Tampa Bay RaysMontgomeryBiscuits
85%
Boston Red SoxPortlandSea Dogs
85%
San Diego PadresSan AntonioMissions
85%
Los Angeles DodgersTulsaDrillers
85%
Arizona DiamondbacksAmarilloSod Poodles
77%
Cincinnati RedsChattanoogaLookouts
77%
Houston AstrosCorpus ChristiChristi Hooks
77%
Colorado RockiesHartfordYard Goats
77%
Toronto Blue JaysNew HampshireFisher Cats
77%
San Francisco GiantsRichmondFlying Squirrels
77%
Los Angeles AngelsRocket CityTrash Pandas
69%
Pittsburgh PiratesAltoonaCurve
62%
Milwaukee BrewersBiloxiShuckers
62%
New York MetsBinghamtonRumble Ponies
62%
Miami MarlinsPensacolaBlue Wahoos
62%
Philadelphia PhilliesReadingFightin Phils
62%
Baltimore OriolesBowieBaysox
46%
Texas RangersFriscoRoughRiders
46%
Oakland AthleticsMidlandRockHounds
46%
Kansas City RoyalsNorthwest ArkansasNaturals
46%
St. Louis CardinalsSpringfieldCardinals
46%
Chicago CubsTennesseeSmokies
46%
New York YankeesSomersetPatriots
23%

Score Distribution

Percentile by Number Answered

Percent of People with Each Score

Your Score History

You have not taken this quiz